Ri he shou tie = (Record no. 183323)

MARC details
000 -LEADER
fixed length control field 01068nam a22003011i 4500
005 - DATE AND TIME OF LATEST TRANSACTION
control field 20210407121917.0
008 - FIXED-LENGTH DATA ELEMENTS--GENERAL INFORMATION
fixed length control field 210407c2016 cc ao||g ||| 000 0 chi d
020 ## - INTERNATIONAL STANDARD BOOK NUMBER
International Standard Book Number 9787508657615
Terms of availability RM 64.90
Qualifying information paperback
040 ## - CATALOGING SOURCE
Original cataloging agency PPAK
Language of cataloging eng
Transcribing agency PPAK
Description conventions rda
082 04 - DEWEY DECIMAL CLASSIFICATION NUMBER
Edition number 23
Classification number 306
090 00 - LOCALLY ASSIGNED LC-TYPE CALL NUMBER (OCLC); LOCAL CALL NUMBER (RLIN)
Classification number (OCLC) (R) ; Classification number, CALL (RLIN) (NR) 306
Feature heading RIH
Feature heading G
240 #0 - UNIFORM TITLE
Uniform title One million living styles in life.
Language of a work Chinese
245 00 - TITLE STATEMENT
Linkage 880-01
Title Ri he shou tie =
Remainder of title Hiyori techo.
Number of part/section of a work 6,
Name of part/section of a work Rensheng you yibai wan zhong huo fa /
Statement of responsibility, etc. Editor-in-Chief Su Jing
264 #1 - PRODUCTION, PUBLICATION, DISTRIBUTION, MANUFACTURE, AND COPYRIGHT NOTICE
Place of production, publication, distribution, manufacture Beijing, China :
Name of producer, publisher, distributor, manufacturer CHINACITIC PRESS ,
Date of production, publication, distribution, manufacture, or copyright notice 2016.
300 ## - PHYSICAL DESCRIPTION
Extent 141 pages :
Other physical details colour photographs ;
Dimensions 26 cm.
336 ## - CONTENT TYPE
Source rdacontent
Content type term text
337 ## - MEDIA TYPE
Source rdamedia
Media type term unmediated
338 ## - CARRIER TYPE
Source rdacarrier
Carrier type term volume
500 ## - GENERAL NOTE
General note Cover title.<br/>"Bimonthly."
546 ## - LANGUAGE NOTE
Language note Text in simplified Chinese scripts.
650 10 - SUBJECT ADDED ENTRY--TOPICAL TERM
Topical term or geographic name entry element Lifestyles.
Topical term or geographic name entry element Conduct of life.
Topical term or geographic name entry element Interviewing.
700 1# - ADDED ENTRY--PERSONAL NAME
Linkage 880-02
Personal name Su, Jing,
Relator term editor.
880 00 - ALTERNATE GRAPHIC REPRESENTATION
Linkage 245-01
a 日和手帖 =
b Hiyori techo.
n 6,
p 人生有一百万种活法
Linkage 700-02
a 苏静,
e 主编
942 ## - ADDED ENTRY ELEMENTS (KOHA)
Source of classification or shelving scheme Dewey Decimal Classification
Koha item type Book
Holdings
Withdrawn Not for loan Current library Shelving location Date acquired Total Checkouts Total Renewals Full call number Barcode Date last seen Date last checked out Koha item type
    Perpustakaan Alor Setar Pinjaman Dewasa 27/04/2021 3 1 306 RIH A01687664 06/03/2025 16/02/2025 Book
    Perpustakaan Awam Sungai Petani Pinjaman Dewasa 27/04/2021 7 1 306 RIH A01687665 25/08/2024 04/08/2024 Book